| 000 | 00457nam a2200193Ia 4500 | ||
|---|---|---|---|
| 008 | 170918s9999 xx 000 0 und d | ||
| 020 | _a9780545203388 | ||
| 050 | _bK583 2010 | ||
| 100 | _aKirby, Matthew J. | ||
| 245 | 4 | _aThe clockwork three / | |
| 245 | _cMatthew J. Kirby. | ||
| 260 | _aNew York : | ||
| 260 | _bScholastic, | ||
| 260 | _c2010 | ||
| 300 | _a390 pages : | ||
| 300 | _bcolored illustration ; | ||
| 300 | _c19cm. | ||
| 500 | _a680 | ||
| 999 |
_c341908 _d341908 |
||